Normal view MARC view

Entry Nombre corporativo

Number of records used in: 1

001 - NÚMERO DE CONTROL

  • campo de control: 153413

003 - IDENTIFICADOR DE NÚMERO DE CONTROL

  • campo de control: OSt

005 - FECHA Y HORA DE LA ÚLTIMA TRANSACCIÓN

  • campo de control: 20250903085707.0

008 - ELEMENTOS DE DATO DE LONGITUD-FIJA

  • campo de control de longitud fija: 130912 b azzaaaaaa a aaa d

040 ## - FUENTE DE CATALOGACIÓN

  • Centro catalogador/agencia de origen: OSt
  • Centro/agencia transcriptor: OSt

110 2# - ENCABEZAMIENTO-NOMBRE DE ENTIDAD CORPORATIVA

  • Nombre de entidad corporativa o nombre de jurisdicción como elemento de entrada: Biblioteca Islámica "Félix María Pareja"

410 2# - TRAZADO DE VÉASE--NOMBRE DE ENTIDAD CORPORATIVA

  • Nombre de entidad corporativa o nombre de jurisdicción como elemento de entrada: Instituto de Cooperación con el Mundo Árabe.
  • Unidad subordinada: Biblioteca Islámica "Félix María Pareja"

410 2# - TRAZADO DE VÉASE--NOMBRE DE ENTIDAD CORPORATIVA

  • Nombre de entidad corporativa o nombre de jurisdicción como elemento de entrada: Agencia Española de Cooperación Internacional para el Desarrollo.
  • Unidad subordinada: Biblioteca Islámica

410 2# - TRAZADO DE VÉASE--NOMBRE DE ENTIDAD CORPORATIVA

  • Nombre de entidad corporativa o nombre de jurisdicción como elemento de entrada: AECID.
  • Unidad subordinada: Biblioteca Islámica

665 ## - REFERENCIA HISTÓRICA

  • Referencia histórica: Biblioteca Islámica; fundada en 1954 en el Instituto Hispano-Árabe de Cultura, a cargo del padre Félix María Pareja; posteriormente se adscribe al Instituto de Cooperación con el Mundo Árabe, y desde 1989 a la Agencia Española de Cooperación Internacional